000 00681nam a22001937a 4500
005 20140617104855.0
010 _aB-505320
020 _a9788172163297
_c895.00
035 _aB-505320
037 _adpl
_bK.K.Pub/Ven
082 _a796.069
100 _aReddy, Y.S.
245 _aAdministration and Management of Physical Education and Sports/
_cby Y.S.Reddy
260 _aNew Delhi
_bFriends Publications
_c2011
270 _a101-103, 4787/23, Ansari Road, Darya Ganj,
_bNew Delhi
_e110002
300 _a371p.
_c20cm(Hb)
942 _2ddc
_cEN
_h796.069
_mRED
999 _c85164
_d85164